Olimpia (Record no. 125075)

MARC details
000 -LEADER
campo de control de longitud fija 00923nam a2200253 i 4500
001 - NÚMERO DE CONTROL
campo de control 125075
003 - IDENTIFICADOR DE NÚMERO DE CONTROL
campo de control ES-MaACL
005 - FECHA Y HORA DE LA ÚLTIMA TRANSACCIÓN
campo de control 20230906192540.0
007 - CAMPO FIJO DE DESCRIPCIÓN FÍSICA--INFORMACIÓN GENERAL
campo de control de longitud fija t|
008 - DATOS DE LONGITUD FIJA--INFORMACIÓN GENERAL
campo de control de longitud fija 070503s1930 sp ||||1| spa d
080 ## - NÚMERO DE LA CLASIFICACIÓN DECIMAL UNIVERSAL
Número de la Clasificación Decimal Universal 86-221"19"
100 1# - ENTRADA PRINCIPAL--NOMBRE DE PERSONA
Nombre de persona Molnar, Franz.
9 (RLIN) 82063
245 10 - MENCIÓN DEL TÍTULO
Título Olimpia
Resto del título : comedia en tres actos /
Mención de responsabilidad, etc. Franz Molnar ; traducción de Tomás Borras y Andrés Revesz ; dibujos de Merlo.
260 ## - PUBLICACIÓN, DISTRIBUCIÓN, ETC.
Lugar de publicación, distribución, etc. Madrid :
Nombre del editor, distribuidor, etc. Rivadeneyra,
Fecha de publicación, distribución, etc. 1930.
300 ## - DESCRIPCIÓN FÍSICA
Extensión 61 p. ;
Dimensiones 17 cm.
490 1# - MENCIÓN DE SERIE
Mención de serie La Farsa ;
Designación de volumen o secuencia 160
500 ## - NOTA GENERAL
Nota general Estrenada en el Teatro Infanta Isabel, de Madrid, el día 25 de septiembre de 1930.
500 ## - NOTA GENERAL
Nota general Cubierta de este número: María del Pilar Tubau en su creación de Olimpia, princesa viuda de Orsolini.
700 0# - ENTRADA AGREGADA--NOMBRE PERSONAL
Nombre de persona Révész, Andrés.
9 (RLIN) 96422
700 1# - ENTRADA AGREGADA--NOMBRE PERSONAL
Nombre de persona Merlo, Antonio.
9 (RLIN) 80579
830 0# - PUNTO DE ACCESO ADICIONAL DE SERIE-TÍTULO UNIFORME
Título uniforme La Farsa ;
Designación de volumen o secuencia 160
9 (RLIN) 185863
852 ## - LOCALIZACIÓN
Ubicación ES-MaACL
Número de control de estantería 2222-F-1
Sublocalización o colección R.140718
Holdings
Estatus retirado Estado de pérdida Estado de daño No para préstamo Colección Biblioteca de origen Biblioteca actual Ubicación en estantería Fecha de adquisición Fuente de adquisición Total de préstamos Signatura topográfica completa Código de barras Visto por última vez Precio de reemplazo Tipo de ítem Koha
        Colección de folletos Biblioteca del Ateneo de Madrid Biblioteca del Ateneo de Madrid Depósito folletos 17/01/2008     2222-F-1 1130309 23/02/2023 23/02/2023 Folleto